|
|
|
|
| LEADER |
00676nab a2200181 i 4500 |
| 001 |
publ21329 |
| 005 |
20210504095504.0 |
| 008 |
210504s2020 hu o 0|| zxx d |
| 022 |
|
|
|a 2630-8924
|
| 024 |
7 |
|
|a 31614568
|2 mtmt
|
| 040 |
|
|
|a SZTE Publicatio Repozitórium
|b hun
|
| 041 |
|
|
|a zxx
|
| 100 |
1 |
|
|a Török László
|
| 245 |
1 |
3 |
|a Az elülső keresztszalag sérülések sebészi kezelésének jelenlegi vonatkozásai
|h [elektronikus dokumentum] /
|c Török László
|
| 260 |
|
|
|c 2020
|
| 300 |
|
|
|a 94-96
|
| 490 |
0 |
|
|a MOZGÁSSZERVI TOVÁBBKÉPZŐ SZEMLE : INTERDISZCIPLINÁRIS SZAKMAI LAP
|v 3 No. 3
|
| 856 |
4 |
0 |
|u http://publicatio.bibl.u-szeged.hu/21329/1/torokcikk2.pdf
|z Dokumentum-elérés
|